| 000 | 00806nam a2200229Ia 4500 | ||
|---|---|---|---|
| 005 | 20250108124915.0 | ||
| 008 | 008 250107s9999 xx 000 0 pun d | ||
| 020 | _a978-93-87533-80-6 | ||
| 037 | _aTB | ||
| 040 |
_aCRL _bpun _cCRL |
||
| 041 |
_apun _2pun |
||
| 084 | _aQ2 Q5 | ||
| 084 | _qCRL | ||
| 100 | _aਸਿੰਘ, ਸਤਿੰਦਰਪਾਲ, ਲੇਖਕ | ||
| 245 | 0 |
_aਨਕਸਲਵਾਦ ਅਤੇ ਪੰਜਾਬੀ ਨਾਵਲ ਸਿਆਸੀ ਅਵਚੇਤਨ _cਸਿੰਘ, ਸਤਿੰਦਰਪਾਲ, ਲੇਖਕ |
|
| 260 |
_aਦਿੱਲੀ, ਭਾਰਤ _bਨਵਰੰਗ ਪਬਲੀਕੇਸ਼ਨ _c2624 |
||
| 300 | _a239ਪ੍ਰ0 | ||
| 365 |
_aINR _b250 |
||
| 650 | _aਪੰਜਾਬੀ ਸਾਹਿਤ | ||
| 942 |
_cTB _hQ2 Q5 |
||
| 999 |
_c1235012 _d1235012 |
||